| 000 | 00634nam a22002417a 4500 | ||
|---|---|---|---|
| 003 | UA-OsUOA | ||
| 001 | 59068 | ||
| 007 | ta | ||
| 008 | 20090305b un ||||| |||| 00| 0 ukr d | ||
| 100 | _aКириленко Т.С. | ||
| 090 |
_a159,942 _bК43 |
||
| 942 | _cBK | ||
| 040 |
_aUA-OsUOA _bukr _cUA-OsUOA _dUA-OsUOA |
||
| 245 | _aПсихологія: емоційна сфера особистості | ||
| 300 | _a256 с. | ||
| 955 | _a2 | ||
| 041 | _aukr | ||
| 080 | _a159,942 | ||
| 020 | _a978-966-06-0440-7 | ||
| 260 |
_aК. _bЛибідь _c2007 |
||
| 650 | 7 |
_a1 Філософські науки _2UDC |
|
| 999 |
_c345157 _d345157 |
||